Central Library OPAC University of Rajshahi

Short stories by modern writers / (Record no. 20278)

MARC details
000 -LEADER
fixed length control field 00638nam a22002172 4500
001 - CONTROL NUMBER
control field 20278
003 - CONTROL NUMBER IDENTIFIER
rucl marc code BD-RjUL
005 - DATE AND TIME OF LATEST TRANSACTION
control field 20211209000537.0
008 - FIXED-LENGTH DATA ELEMENTS--GENERAL INFORMATION
fixed length control field 140227s1954 enka 000 1 eng d
035 ## - SYSTEM CONTROL NUMBER
System control number OCLC ocm19371989 from D961030M
-- (BD-RjUL)20340
040 ## - CATALOGING SOURCE
Original cataloging agency EEM
Transcribing agency EEM
Modifying agency EQO
-- BD-RjUL
Language of cataloging eng
041 ## - LANGUAGE CODE
Language code of text/sound track or separate title eng
082 04 - DEWEY DECIMAL CLASSIFICATION NUMBER
Author mark and year SHO 1954
Classification number 823.08
090 ## - LOCALLY ASSIGNED LC-TYPE CALL NUMBER (OCLC); LOCAL CALL NUMBER (OCLC)
Classification number (OCLC) (R) ; Classification number, CALL (RLIN) (NR) PZ1.J4
Local cutter number (OCLC) ; Book number/undivided call number, CALL (RLIN) S47
245 10 - TITLE STATEMENT
Title Short stories by modern writers /
Statement of responsibility, etc. R W Jepson.
260 ## - PUBLICATION, DISTRIBUTION, ETC. (IMPRINT)
Place of publication, distribution, etc. London ;
-- New York :
Name of publisher, distributor, etc. Longmans, Green,
Date of publication, distribution, etc. 1954.
300 ## - PHYSICAL DESCRIPTION
Pagination 223 p. :
Illustrations ills. ;
Size 17 cm.
650 #0 - SUBJECT ADDED ENTRY--TOPICAL TERM
Topical term or geographic name as entry element Short stories.
9 (RLIN) 62489
700 1# - ADDED ENTRY--PERSONAL NAME
Personal name Jepson, Rowland Walter,
942 ## - ADDED ENTRY ELEMENTS (KOHA)
Source of classification or shelving scheme Dewey Decimal Classification
Koha item type Books
Holdings
Lost status Source of classification or shelving scheme Damaged status Not for loan Permanent Location Current Location Shelving location Date acquired Source of acquisition Cost, normal purchase price Total Checkouts Full call number Date last seen Copy number Koha item type Collection code
  Dewey Decimal Classification     Central Library, University of Rajshahi Central Library, University of Rajshahi   20/10/1955 Mokurrom Pub. 3.10   823.08 SHO 1954 27/02/2014 C-2 Books  
  Dewey Decimal Classification     Central Library, University of Rajshahi Central Library, University of Rajshahi   20/10/1965 Mohamaddin and Sons 3.00   823.08 SHO 1954 03/03/2014 C-3 Books Fiction